000 00350nam a2200145Ia 4500
008 230312s9999||||xx |||||||||||||| ||und||
020 _a1285452348
082 _a658.404
_bSCH-I
100 _aSpivey,Dwight
245 0 _aiPhone for seniors
260 _bCengage
_aUSA
_c2016
300 _a515
650 _aComputer
_vProject Management
942 _cBK
999 _c16360
_d16360